[Event "FIDE Grand Swiss 2021"]
[Site "Riga"]
[Date "04.11.2021"]
[Round "8"]
[White "Shevchenko, Kirill"]
[Black "Sargissian, Gabriel"]
[Result "1/2-1/2"]
[WhiteElo "2632"]
[BlackElo "2664"]

1. e4 e5 2. Nf3 Nc6 3. Bb5 a6 4. Ba4 Nf6 5. O-O Be7 6. Re1 b5 7. Bb3 O-O 8.
a4 Bb7 9. d3 d6 10. Bd2 Qd7 11. Nc3 Na5 12. Ba2 b4 13. Ne2 c5 14. Ng3 g6
15. c3 bxc3 16. bxc3 Qc7 17. d4 Bc8 18. d5 c4 19. h3 Bd7 20. Rb1 Rfb8 21.
Rb4 Nb3 22. Bxb3 cxb3 23. Qxb3 a5 24. Rxb8+ Rxb8 25. Qa3 Be8 26. Bg5 Kg7
27. Ra1 h6 28. Be3 Nd7 29. h4 Nb6 30. Qc1 h5 31. Qc2 1/2-1/2

[Event "FIDE Grand Swiss 2021"]
[Site "Riga"]
[Date "04.11.2021"]
[Round "8"]
[White "Sjugirov, Sanan"]
[Black "Petrosyan, Manuel"]
[Result "1/2-1/2"]
[WhiteElo "2663"]
[BlackElo "2605"]

1. e4 e5 2. Nf3 Nc6 3. Bc4 Bc5 4. d3 Nf6 5. O-O d6 6. c3 a6 7. a4 h6 8. Re1
O-O 9. Nbd2 Ba7 10. Nf1 Re8 11. Be3 Bxe3 12. Nxe3 Be6 13. Bxe6 Rxe6 14. b4
Re8 15. Qb3 Ne7 16. c4 a5 17. c5 Nc6 18. cxd6 Nxb4 19. dxc7 Qxc7 20. Rac1
Qd7 21. Red1 Qe6 22. Nc4 Nd7 23. Nxa5 Qxb3 24. Nxb3 Rxa4 25. Rc7 Ra3 26.
Rxb7 Rxb3 27. Rxd7 Rc3 28. g3 Na6 29. Rd5 Nb4 30. Rd6 Kf8 31. Rd7 Re7 32.
Rd8+ Re8 33. Rxe8+ Kxe8 34. Nxe5 f6 35. Rb1 Nxd3 36. Rb8+ Ke7 37. Rb7+ Kf8
38. Ng6+ Kg8 39. f4 Kh7 40. Nf8+ Kg8 41. Ne6 Nc5 42. Rxg7+ Kh8 43. Re7 Nxe4
44. Nd4 Nd2 45. Kg2 Rc5 46. Rd7 Ra5 47. Kh3 Nf1 48. Re7 Rh5+ 49. Kg4 Rxh2
50. Kf5 Rg2 51. Kxf6 Nxg3 52. Re5 Kg8 53. Re8+ Kh7 54. Re7+ Kh8 55. Re8+
Kh7 56. Ne6 Ne4+ 57. Ke5 Nf2 58. Re7+ Kg8 59. Rd7 Rg1 60. Kf6 Ne4+ 61. Ke7
Rf1 62. Rd4 Ng5 63. Rd8+ Kh7 64. fxg5 hxg5 65. Nxg5+ Kg6 66. Rg8+ Kh5 67.
Ne4 Ra1 68. Kf6 Kh4 69. Ke5 Kh3 70. Nf2+ Kh2 71. Kf4 Ra4+ 72. Ne4 Kh3 73.
Rg3+ Kh2 74. Rc3 Ra2 75. Kf3 Ra8 76. Rc6 Rf8+ 77. Kg4 Kg2 78. Rc2+ Kf1 79.
Kg3 Ke1 80. Nf2 Rf7 81. Ra2 Rf8 82. Nd3+ Kd1 83. Nf4 Rc8 84. Nd5 Kc1 85.
Kf3 Kb1 86. Rh2 Rc2 87. Rh6 Rc8 88. Ke3 Kc2 89. Kd4 Rd8 90. Rb6 Rd7 91.
Rc6+ Kd2 92. Rh6 Ke2 93. Ke4 Kf2 94. Rg6 Ra7 95. Rf6+ Ke2 96. Nc3+ Kd2 97.
Kd4 Rd7+ 98. Nd5 Ke2 99. Rf8 Rd6 100. Ra8 Rd7 101. Ke4 Kf2 102. Ra3 Rd8
103. Rf3+ Ke2 104. Rf7 Re8+ 105. Kd4 Rd8 106. Rf6 Rd7 107. Rf8 1/2-1/2

[Event "FIDE Grand Swiss 2021"]
[Site "Riga"]
[Date "04.11.2021"]
[Round "8"]
[White "Tabatabaei, M. Amin"]
[Black "Alekseenko, Kirill"]
[Result "0-1"]
[WhiteElo "2639"]
[BlackElo "2710"]

1. d4 Nf6 2. c4 e6 3. Nf3 d5 4. g3 Bb4+ 5. Nbd2 dxc4 6. Bg2 b5 7. a3 Be7 8.
Ne5 Nd5 9. a4 c6 10. O-O a5 11. e4 Nf6 12. Ng4 Nxg4 13. Qxg4 h5 14. Qe2 e5
15. dxe5 Na6 16. e6 Bxe6 17. e5 Nb4 18. axb5 cxb5 19. Ne4 Ra6 20. Nd6+ Bxd6
21. exd6 Nd3 22. Bd2 h4 23. Bc3 hxg3 24. hxg3 Qxd6 25. Bxg7 Rg8 26. Bc3 Kf8
27. Qh5 b4 28. Bd2 Bg4 29. Qb5 Be2 30. Qxc4 Rg4 31. Qc8+ Kg7 32. Be3 Qe6
33. Qb8 Rd6 34. Kh2 Bxf1 35. Rxf1 Qe5 36. Bf3 Nxf2 0-1

[Event "FIDE Grand Swiss 2021"]
[Site "Riga"]
[Date "04.11.2021"]
[Round "8"]
[White "Artemiev, Vladislav"]
[Black "Niemann, Hans Moke"]
[Result "1/2-1/2"]
[WhiteElo "2699"]
[BlackElo "2638"]

1. d4 d5 2. c4 c6 3. Nf3 Nf6 4. Nc3 e6 5. e3 Nbd7 6. Bd3 dxc4 7. Bxc4 b5 8.
Bd3 b4 9. Ne4 Bb7 10. Nxf6+ Nxf6 11. O-O Be7 12. e4 O-O 13. e5 Nd7 14. Qc2
h6 15. Bh7+ Kh8 16. Be4 Qc7 17. Be3 c5 18. Rac1 Rac8 19. b3 Qb6 20. Bxb7
Qxb7 21. Qe2 Rfd8 22. h3 cxd4 23. Bxd4 Nb6 24. Bxb6 axb6 25. Rxc8 Rxc8 26.
Rd1 Rc3 27. Qb5 Rc8 28. Qd7 Qc7 29. Qxc7 Rxc7 30. Kf1 Kh7 31. Ke2 Kg6 32.
g4 h5 33. Rd4 Rc2+ 34. Rd2 Rc7 35. Rd4 hxg4 36. hxg4 Ra7 37. Rd2 Ra5 38.
Ke3 Ra8 39. Ke4 Bc5 40. Ne1 Kg5 41. f3 f5+ 42. exf6 gxf6 43. Rg2 e5 44. f4+
exf4 45. Nf3+ Kg6 46. Kxf4 Re8 47. Nh4+ Kf7 48. Nf5 Re1 49. Rd2 Rf1+ 50.
Kg3 Rg1+ 51. Kf4 1/2-1/2

[Event "FIDE Grand Swiss 2021"]
[Site "Riga"]
[Date "04.11.2021"]
[Round "8"]
[White "Eljanov, Pavel"]
[Black "Hovhannisyan, Robert"]
[Result "1-0"]
[WhiteElo "2691"]
[BlackElo "2622"]

1. e4 e5 2. Nf3 Nc6 3. Bc4 Bc5 4. d3 Nf6 5. O-O d6 6. c3 a5 7. Re1 Ba7 8.
h3 O-O 9. Na3 Be6 10. Bg5 h6 11. Bh4 g5 12. Bg3 Nh5 13. Kh2 Qf6 14. Nb5 Bb6
15. b3 Rad8 16. d4 Bc8 17. Nxe5 Nxg3 18. Nxf7 Rxf7 19. Bxf7+ Qxf7 20. fxg3
Rf8 21. Na3 Ba7 22. Nc4 Ne7 23. Qd3 a4 24. Rf1 Qg7 25. Rxf8+ Qxf8 26. Rf1
Qg7 27. e5 dxe5 28. Nxe5 Be6 29. Qb5 axb3 30. axb3 Bb6 31. Qe8+ Kh7 32. Ng4
Bg8 33. Nf6+ Kh8 34. Nxg8 1-0

[Event "FIDE Grand Swiss 2021"]
[Site "Riga"]
[Date "04.11.2021"]
[Round "8"]
[White "Ter-Sahakyan, Samvel"]
[Black "Wojtaszek, Radoslaw"]
[Result "1/2-1/2"]
[WhiteElo "2607"]
[BlackElo "2691"]

1. e4 e5 2. Nf3 Nc6 3. Bb5 a6 4. Ba4 Nf6 5. O-O Be7 6. Re1 b5 7. Bb3 O-O 8.
a4 Bb7 9. d3 d6 10. Nbd2 Nd7 11. c3 Nc5 12. axb5 axb5 13. Rxa8 Qxa8 14. Bc2
b4 15. d4 bxc3 16. bxc3 Nd7 17. Nf1 Qa1 18. Qd2 Bf6 19. Rd1 Qa2 20. Ne3 Na5
21. Ng4 Nb3 22. Bxb3 Qxb3 23. dxe5 Bxe5 24. Ngxe5 Nxe5 25. Nxe5 dxe5 26. f3
Bc6 27. Qe1 Ra8 28. Be3 f6 29. h4 h5 30. Rb1 Qc2 1/2-1/2

[Event "FIDE Grand Swiss 2021"]
[Site "Riga"]
[Date "04.11.2021"]
[Round "8"]
[White "Kuzubov, Yuriy"]
[Black "Demchenko, Anton"]
[Result "1/2-1/2"]
[WhiteElo "2624"]
[BlackElo "2651"]

1. d4 Nf6 2. Nf3 g6 3. g3 Bg7 4. Bg2 O-O 5. O-O d6 6. Re1 Nbd7 7. e4 e5 8.
Nc3 Re8 9. a4 c6 10. h3 Qc7 11. Be3 b6 12. Qd2 a6 13. Bh6 Bb7 14. Bxg7 Kxg7
15. Nh4 b5 16. Ne2 Rad8 17. axb5 cxb5 18. d5 Rc8 19. c3 Nc5 20. Qe3 Nfd7
21. Nc1 Qb6 22. Qg5 Kh8 23. Nf3 Kg7 24. Nh4 b4 25. cxb4 Qxb4 26. Re2 Kh8
27. Qh6 a5 28. Nf3 Kg8 29. Qd2 Ra8 30. Re1 Qb6 31. b3 Nf6 32. Nh2 Qb4 33.
Nf1 Qd4 34. Qxd4 exd4 35. Nd2 Bxd5 36. Ne2 Ncxe4 37. Nxe4 Bxe4 38. Nxd4 d5
39. f3 Bd3 40. Rxe8+ Nxe8 41. Nc6 Kf8 42. Rxa5 Rxa5 43. Nxa5 Ke7 44. Kf2
Kd6 45. b4 d4 46. f4 Nc7 47. Nb7+ Ke7 48. Nc5 Bc4 49. Bf3 Kd6 50. Nb7+ Kd7
51. Na5 Bd5 52. Be2 Be6 53. h4 Nd5 54. b5 Nc3 55. Bd3 Kd6 56. b6 Bd5 57.
Bc4 Bxc4 58. Nxc4+ Kc6 59. g4 Nd5 60. Kf3 Nxb6 61. Ne5+ Kd5 62. Nxf7 Nc4
63. Ke2 Ne3 64. h5 Ng2 65. Kf3 d3 66. hxg6 hxg6 67. Ng5 d2 68. Ke2 Nxf4+
69. Kxd2 Kd4 1/2-1/2

[Event "FIDE Grand Swiss 2021"]
[Site "Riga"]
[Date "04.11.2021"]
[Round "8"]
[White "Aronian, Levon"]
[Black "Yilmaz, Mustafa"]
[Result "1/2-1/2"]
[WhiteElo "2782"]
[BlackElo "2626"]

1. e4 c5 2. Nf3 d6 3. d4 cxd4 4. Nxd4 Nf6 5. Nc3 a6 6. f3 e5 7. Nb3 Be6 8.
Be3 h5 9. Nd5 Bxd5 10. exd5 Nbd7 11. Qd2 g6 12. O-O-O Nb6 13. Kb1 Nbxd5 14.
Bg5 Be7 15. Bd3 Qc7 16. Rhe1 Nb6 17. Qf2 Rc8 18. f4 Nfd7 19. h4 f5 20. fxe5
Nxe5 21. Bxe7 Kxe7 22. Nd4 Qc5 23. Qg3 Qxd4 24. Bxf5 Qxd1+ 25. Rxd1 gxf5
26. Qf2 Nbd7 27. Qxf5 Rcg8 28. Qe4 b6 29. b3 a5 30. a4 Rg4 31. Qe2 Rhg8 32.
g3 Rf8 33. Rd3 Rfg8 34. Kb2 Nf6 35. Rc3 Nd5 36. Rf3 Ke6 37. Rf1 Nb4 38. Kb1
Nd5 39. Kb2 Nb4 40. Kb1 Nd5 1/2-1/2

[Event "FIDE Grand Swiss 2021"]
[Site "Riga"]
[Date "04.11.2021"]
[Round "8"]
[White "Onyshchuk, Volodymyr"]
[Black "Xiong, Jeffery"]
[Result "0-1"]
[WhiteElo "2622"]
[BlackElo "2700"]

1. e4 c5 2. Nf3 d6 3. Bb5+ Bd7 4. Bxd7+ Nxd7 5. c4 Ngf6 6. Nc3 g6 7. O-O
Bg7 8. d4 cxd4 9. Nxd4 Qa5 10. Qe2 Rc8 11. Be3 Nb6 12. Nb3 Qb4 13. e5 dxe5
14. c5 Na4 15. Nb5 a6 16. Na7 Ra8 17. c6 bxc6 18. Qxa6 O-O 19. Qxc6 Nxb2
20. Rab1 Ng4 21. Bc5 Qf4 22. g3 Qh6 23. h4 Nd3 24. Bb6 Qh5 25. Qe4 Qf5 26.
Qxf5 gxf5 27. a4 e4 28. a5 Nge5 29. Nd4 e6 30. Rfd1 Bf6 31. Ndc6 Nxc6 32.
Nxc6 Rfc8 33. Nb4 Ne5 34. Rdc1 Nc4 35. Rc2 Kf8 36. Kf1 Be7 37. Ra2 Ke8 38.
Ke2 Rcb8 39. Nc6 Rxb6 40. axb6 Rxa2+ 41. Ke1 Bc5 0-1

[Event "FIDE Grand Swiss 2021"]
[Site "Riga"]
[Date "04.11.2021"]
[Round "8"]
[White "Zhou, Jianchao"]
[Black "Cori, Jorge"]
[Result "0-1"]
[WhiteElo "2629"]
[BlackElo "2655"]

1. d4 d5 2. c4 c6 3. Nf3 Nf6 4. Nc3 dxc4 5. e4 b5 6. Be2 e6 7. a4 Bb7 8.
axb5 cxb5 9. e5 Ne4 10. Nxb5 Bb4+ 11. Kf1 Bd5 12. Na3 Bxa3 13. Rxa3 O-O 14.
h4 Nc6 15. Kg1 f6 16. exf6 Qxf6 17. Be3 Qe7 18. Ng5 Nf6 19. h5 h6 20. Nh3
Qb4 21. Ra4 Qxb2 22. Bxc4 Nb4 23. Bd2 a5 24. Bxd5 Nfxd5 25. Kh2 Nc6 26. Qc1
Qb8+ 27. g3 Qe8 28. Qd1 Ncb4 29. Ra3 Nc6 30. Re1 Rf5 31. g4 Rf7 32. g5 hxg5
33. Bxg5 Rb8 34. Rg3 Rb4 35. Rg4 Qb8+ 36. Kg2 Qb7 37. Kg1 a4 38. Bc1 Nf6
39. Rf4 Rd7 40. Qf3 Nxd4 41. Qxb7 Rbxb7 42. h6 Rb3 43. Kg2 a3 44. Bxa3 Rxa3
45. Ng5 Ra6 46. Kh1 Nh7 47. Nxh7 Kxh7 48. hxg7 Nf5 0-1

[Event "FIDE Grand Swiss 2021"]
[Site "Riga"]
[Date "04.11.2021"]
[Round "8"]
[White "Brkic, Ante"]
[Black "Donchenko, Alexander"]
[Result "1/2-1/2"]
[WhiteElo "2621"]
[BlackElo "2648"]

1. e4 c6 2. Nc3 d5 3. Nf3 Bg4 4. h3 Bxf3 5. Qxf3 e6 6. g3 Nd7 7. Bg2 d4 8.
Nb1 h5 9. d3 h4 10. Nd2 Ne7 11. Nb3 Qb6 12. c3 c5 13. Qe2 Ng6 14. cxd4 cxd4
15. O-O Be7 16. Bd2 a5 17. Rac1 a4 18. Na1 e5 19. Rc2 O-O 20. b4 axb3 21.
Nxb3 Rfc8 22. Rfc1 Rxc2 23. Rxc2 Bb4 24. Bxb4 Qxb4 25. Bf3 Qd6 26. Bg4 Nf6
27. Nd2 b5 28. Nb3 Ne7 29. Rc5 hxg3 30. fxg3 Nxg4 31. hxg4 b4 32. Rc2 Qh6
33. Kg2 Qg5 34. Nd2 Ng6 35. Qf3 Ra3 36. Nb3 Nf8 37. Qf5 Qe3 38. Qxe5 Qxd3
39. Rf2 Ne6 40. g5 Qa6 41. Qf5 Kh8 42. Qh3+ Kg8 43. Qf5 Kh8 44. Qxf7 Nxg5
45. Qf5 Nh7 46. Kg1 Nf6 47. e5 Ng8 48. e6 Qd6 49. Qg4 Nh6 50. Qg6 Ra6 51.
Kh2 Qxe6 52. Rf8+ Ng8 53. Qxe6 Rxe6 54. Nxd4 Rd6 55. Nb3 Ra6 56. Rb8 Rxa2+
57. Kh3 Rb2 58. Rxb4 Nf6 59. Rb5 g5 60. Nd4 Rxb5 1/2-1/2

[Event "FIDE Grand Swiss 2021"]
[Site "Riga"]
[Date "04.11.2021"]
[Round "8"]
[White "Kollars, Dmitrij"]
[Black "Swiercz, Dariusz"]
[Result "1/2-1/2"]
[WhiteElo "2621"]
[BlackElo "2647"]

1. e4 e5 2. Nf3 Nc6 3. Bb5 a6 4. Ba4 Nf6 5. O-O d6 6. Re1 Bd7 7. c3 g6 8.
d4 Bg7 9. h3 O-O 10. Bc2 Nh5 11. Be3 Qe8 12. Nbd2 Kh8 13. Nf1 f5 14. exf5
gxf5 15. dxe5 dxe5 16. Bc5 Rf6 17. Ng3 Nxg3 18. fxg3 e4 19. Nd2 b6 20. Be3
Ne5 21. a4 a5 22. Qe2 Rf8 23. Rf1 Qe7 24. Rae1 Rae8 25. Kh2 Bc6 26. Qh5 Qf7
27. Qxf7 Rxf7 28. Bd4 Rff8 29. b3 Bd5 30. Be3 Be6 31. c4 Rd8 32. Bg5 Rd4
33. g4 Nd3 34. Re2 h6 35. Be3 Rdd8 36. gxf5 Bxf5 37. Kg1 Bg6 38. Rxf8+ Rxf8
39. c5 bxc5 40. Nc4 Bd4 41. Bxd4+ cxd4 42. Bxd3 exd3 43. Rd2 Rb8 44. Nxa5
c5 45. Kf2 Kg7 46. Ke1 Re8+ 47. Kd1 Ra8 48. Nc4 Rb8 49. Na5 Ra8 50. Nc4 Rb8
51. Na5 Ra8 1/2-1/2

[Event "FIDE Grand Swiss 2021"]
[Site "Riga"]
[Date "04.11.2021"]
[Round "8"]
[White "Praggnanandhaa, R"]
[Black "Abdusattorov, Nodirbek"]
[Result "1/2-1/2"]
[WhiteElo "2618"]
[BlackElo "2646"]

1. d4 Nf6 2. Bf4 d5 3. Nf3 c5 4. e3 Nc6 5. Nbd2 cxd4 6. exd4 Qb6 7. Nb3 Bg4
8. h3 Bxf3 9. Qxf3 e6 10. c3 a5 11. Rb1 a4 12. Nd2 Qd8 13. a3 Bd6 14. Bb5
O-O 15. O-O Ne8 16. Rfe1 Qf6 17. Be3 Qxf3 18. Nxf3 Nc7 19. Bd3 b5 20. Re2
f6 21. Rd1 Na5 22. Nd2 Kf7 23. Bc2 h5 24. f4 Rh8 25. Nf3 Nc4 26. Bc1 h4 27.
Rde1 g6 28. Rf1 Be7 29. Bd3 Rh5 30. Nh2 Ne8 31. Ng4 Ng7 32. Rfe1 Bd6 33.
Ne3 Rhh8 34. Nf1 Rae8 35. Nh2 Nh5 36. Rf2 Ng3 37. Nf1 Nh5 38. Nh2 Bc7 39.
Ng4 Ng3 40. Ne3 f5 41. Nf1 Ne4 42. Rfe2 Bb6 43. Nh2 Bd8 44. Nf3 Kg7 45. Kh2
Bf6 46. Kg1 Rhg8 47. Kh2 Kf7 48. Kg1 Ke7 49. Kh2 Rb8 50. Kg1 Ncd6 51. Kh2
Nf7 52. Be3 Ke8 53. Rb1 Nfd6 54. Rbe1 Rb7 55. Bc1 Nf7 56. Be3 Bd8 57. Rb1
Nfd6 58. Rbe1 Nc4 59. Bc1 Rbg7 60. Kg1 Kd7 61. Kh2 Bf6 62. Kg1 Kc7 63. Kh2
Kc8 64. Kg1 Ncd6 65. Kh2 Rb7 66. Be3 Bd8 67. Kg1 Nf7 68. Kh2 g5 69. fxg5
Nfxg5 70. Bf4 Nf7 71. Rb1 Kd7 72. Rc2 Bf6 73. b3 axb3 74. Rxb3 Nfd6 75.
Rcb2 Rgb8 76. Rb1 Kc6 77. Be5 Be7 78. Bf4 Bf6 79. Be5 Be7 80. Bf4 Bf6 81.
Be5 1/2-1/2

[Event "FIDE Grand Swiss 2021"]
[Site "Riga"]
[Date "04.11.2021"]
[Round "8"]
[White "Indjic, Aleksandar"]
[Black "Bluebaum, Matthias"]
[Result "1/2-1/2"]
[WhiteElo "2612"]
[BlackElo "2640"]

1. e4 e6 2. d4 d5 3. e5 c5 4. c3 Nc6 5. Nf3 Bd7 6. Be2 f6 7. O-O fxe5 8.
Nxe5 Nxe5 9. dxe5 Qc7 10. c4 O-O-O 11. Nc3 Qxe5 12. g3 Nf6 13. Re1 Qf5 14.
Bd3 Qh3 15. Bf1 Qf5 16. Bf4 Ne4 17. cxd5 exd5 18. Qxd5 Nxc3 19. Qxf5 Bxf5
20. bxc3 Bd6 21. Bxd6 Rxd6 22. Re5 Bg6 23. Rxc5+ Kb8 24. Re1 Rd2 25. a4 Re8
26. Rce5 Rxe5 27. Rxe5 Kc7 28. f4 Kd6 29. c4 b6 30. Rg5 Rd1 31. Kf2 Rd2+
32. Be2 Ke6 33. a5 Kf6 34. Ke3 Rd6 35. Re5 Re6 36. Rxe6+ Kxe6 37. axb6 axb6
38. Bd3 Bf7 39. Be4 Kf6 40. Kd4 h5 41. f5 Be8 42. Bc2 h4 43. g4 Kg5 44. h3
Kf4 45. Be4 Ba4 46. Bg2 Be8 47. Bb7 Ba4 48. Kd5 Kg3 49. g5 Kxh3 50. g6 Bc2
51. f6 gxf6 52. g7 Bh7 53. Bc8+ Kg3 54. Bf5 Bg8+ 55. Be6 Bh7 56. Kc6 f5 57.
Bxf5 Bg8 58. Kxb6 Bxc4 59. Bh7 h3 1/2-1/2

[Event "FIDE Grand Swiss 2021"]
[Site "Riga"]
[Date "04.11.2021"]
[Round "8"]
[White "Chigaev, Maksim"]
[Black "Sadhwani, Raunak"]
[Result "1/2-1/2"]
[WhiteElo "2639"]
[BlackElo "2609"]

1. e4 e5 2. Nf3 Nc6 3. Bb5 Nf6 4. d3 Bc5 5. c3 O-O 6. O-O d5 7. exd5 Qxd5
8. Bc4 Qd8 9. b4 Be7 10. Nbd2 a6 11. a4 Bf5 12. Qc2 Nd5 13. Ne4 Bg4 14. a5
Bxf3 15. gxf3 Qd7 16. Bd2 Rad8 17. Qb3 Nf4 18. Bxf4 exf4 19. d4 Qh3 20.
Rfe1 Qxf3 21. Qd1 Qh3 22. Bf1 Qh4 23. Bg2 g5 24. b5 axb5 25. a6 g4 26. axb7
f3 27. Ng3 Bd6 28. Bxf3 gxf3 29. Qxf3 Bxg3 30. hxg3 Qh6 31. d5 Nb8 32. Re7
c6 33. Rc7 cxd5 34. Re1 Qg6 35. Re5 Na6 36. Rce7 b4 37. Qf4 bxc3 38. Rg5 d4
39. Rxg6+ hxg6 40. Re4 Rfe8 41. Rxe8+ Rxe8 42. Qxd4 Re1+ 1/2-1/2

[Event "FIDE Grand Swiss 2021"]
[Site "Riga"]
[Date "04.11.2021"]
[Round "8"]
[White "Kuybokarov, Temur"]
[Black "Ponomariov, Ruslan"]
[Result "1/2-1/2"]
[WhiteElo "2549"]
[BlackElo "2631"]

1. e4 e5 2. Nf3 Nc6 3. Bb5 a6 4. Ba4 Nf6 5. O-O Be7 6. Bxc6 dxc6 7. Qe1 c5
8. d3 Qd6 9. Nbd2 b5 10. a4 c6 11. Nb3 Be6 12. Na5 Nd7 13. Ng5 Bxg5 14.
Bxg5 O-O 15. Be3 Qc7 16. Nb3 c4 17. Nc5 Nxc5 18. Bxc5 Rfd8 19. Qe3 Rd7 20.
d4 exd4 21. Bxd4 Qd6 22. c3 f5 23. f3 Rc8 24. Bc5 Qd2 25. Rf2 Qxe3 26. Bxe3
Re8 27. axb5 axb5 28. Bc5 Rdd8 29. h3 Ra8 30. Re1 Rad8 31. Rfe2 fxe4 32.
fxe4 Kf7 33. Ra1 Ra8 34. Rf1+ Kg6 35. Rd2 Red8 36. Bd6 Rd7 37. Rfd1 Re8 38.
Kf2 Bd5 39. e5 Kf5 40. Ra1 Rf7 41. Ke3 Ke6 42. Kd4 h5 43. Kc5 h4 44. Ra6
Rc8 45. Ra1 Rh8 46. Rg1 Rh5 47. Rd4 Rf2 48. g3 hxg3 49. Rxg3 g5 50. Rd1 Rf3
51. Rdg1 Rxg3 52. Rxg3 Kd7 53. Rg1 Ke6 54. Rg3 Kd7 55. Rg1 Ke6 56. Rg3
1/2-1/2

[Event "FIDE Grand Swiss 2021"]
[Site "Riga"]
[Date "04.11.2021"]
[Round "8"]
[White "Keymer, Vincent"]
[Black "Ivic, Velimir"]
[Result "1-0"]
[WhiteElo "2630"]
[BlackElo "2606"]

1. Nf3 d5 2. d4 Nf6 3. c4 e6 4. Nc3 Bb4 5. cxd5 exd5 6. Bg5 h6 7. Bh4 O-O
8. e3 Bf5 9. Qb3 Bxc3+ 10. bxc3 Nbd7 11. Be2 c5 12. dxc5 Nxc5 13. Qb4 Rc8
14. O-O Re8 15. Rad1 g5 16. Bg3 Qe7 17. c4 Nce4 18. Qxe7 Rxe7 19. cxd5 Nxg3
20. hxg3 Rd7 21. d6 Rcd8 22. Nd4 Bg6 23. Bd3 Bxd3 24. Rxd3 Rxd6 25. Ra3 a6
26. Nf5 Rd3 27. Nxh6+ Kf8 28. Rxd3 Rxd3 29. Rc1 Nd5 30. Rc8+ Ke7 31. Nf5+
Kd7 32. Rf8 Rd1+ 33. Kh2 Rd2 34. e4 Nc3 35. Rxf7+ Kc6 36. e5 Rxa2 37. e6
Nd5 38. Rf8 a5 39. e7 Nxe7 40. Nxe7+ Kd7 41. Nd5 b5 42. Nc3 Rb2 43. Ra8 a4
44. Nxb5 Rxb5 45. Rxa4 Ke6 46. f3 Kf5 47. Kh3 Rc5 48. Ra6 g4+ 49. Kh4 Rc4
50. Ra5+ Kf6 51. f4 1-0

[Event "FIDE Grand Swiss 2021"]
[Site "Riga"]
[Date "04.11.2021"]
[Round "8"]
[White "Sindarov, Javokhir"]
[Black "Svidler, Peter"]
[Result "1/2-1/2"]
[WhiteElo "2587"]
[BlackElo "2694"]

1. e4 c5 2. Nc3 d6 3. Nge2 Nf6 4. d4 cxd4 5. Nxd4 a6 6. a3 Nc6 7. Bc4 Bd7
8. O-O g6 9. Nf3 Bg7 10. h3 O-O 11. Re1 Rc8 12. Ba2 Be6 13. Bxe6 fxe6 14.
Ng5 Qd7 15. e5 Nxe5 16. f4 Nf7 17. Nxe6 Rfe8 18. Nxg7 Kxg7 19. Be3 h5 20.
Qd2 Nh6 21. Rad1 Nf5 22. Bf2 Qc6 23. Re6 Qc4 24. Rde1 b5 25. Qd1 Kf8 26.
Qf3 Qc6 27. Qd3 Qc4 28. Qf3 Qc6 29. Qd3 Qc4 30. g3 a5 31. Nxb5 Qxc2 32.
Qxc2 Rxc2 33. R6e2 Rec8 34. Kg2 d5 1/2-1/2

[Event "FIDE Grand Swiss 2021"]
[Site "Riga"]
[Date "04.11.2021"]
[Round "8"]
[White "Matlakov, Maxim"]
[Black "Ganguly, Surya Shekhar"]
[Result "1/2-1/2"]
[WhiteElo "2682"]
[BlackElo "2617"]

1. Nf3 d5 2. g3 Nf6 3. Bg2 e6 4. O-O Be7 5. c4 O-O 6. b3 d4 7. e3 c5 8. Ne5
Nfd7 9. exd4 cxd4 10. Nxd7 Qxd7 11. Ba3 a5 12. d3 Na6 13. Bxe7 Qxe7 14. Nd2
Rd8 15. a3 Rb8 16. Nf3 f6 17. Qd2 b5 18. Qxa5 Nc5 19. Rab1 Nxd3 20. Rbd1
bxc4 21. bxc4 Rb3 22. c5 Bb7 23. c6 Bxc6 24. Nxd4 Rxd4 25. Bxc6 Rxa3 26.
Qh5 Rc3 27. Bb5 Ne5 28. Be2 g6 29. Qh6 Nf7 30. Qh3 e5 31. Qg2 Rxd1 32. Rxd1
e4 33. Qf1 Qc5 34. Qe1 Ne5 35. Qd2 Kg7 36. Qd8 Rc1 37. Rxc1 Qxc1+ 38. Kg2
Qc5 39. h4 h5 40. Qa8 Qc6 41. Qa7+ Nf7 42. Qd4 Ne5 43. Qa7+ Kf8 44. Qb8+
Kf7 45. Bb5 Qd5 46. Qc7+ Kf8 47. Qb8+ Kg7 48. Qa7+ Qf7 49. Qa8 e3 50. fxe3
Ng4 51. Be2 Nxe3+ 52. Kf2 Qe7 53. Qf3 Nf5 54. Qf4 Qc5+ 55. Kg2 Qc2 56. Kf2
Kh7 57. Qc4 Qb2 58. Qf7+ Ng7 59. Kf1 Qc3 60. Kf2 Qd4+ 61. Kg2 Qd8 62. Bc4
Kh6 63. Qg8 Qd2+ 64. Kf1 Qd1+ 65. Kg2 Qc2+ 66. Kg1 g5 67. hxg5+ fxg5 68.
Qd5 Qc1+ 69. Kg2 Qb2+ 70. Kg1 Qf6 71. Kg2 Qb2+ 72. Kg1 Qb6+ 73. Kg2 Qf6 74.
Qe4 h4 1/2-1/2

[Event "FIDE Grand Swiss 2021"]
[Site "Riga"]
[Date "04.11.2021"]
[Round "8"]
[White "Mamedov, Rauf"]
[Black "Pichot, Alan"]
[Result "0-1"]
[WhiteElo "2673"]
[BlackElo "2628"]

1. Nf3 Nf6 2. g3 d5 3. Bg2 c5 4. O-O e6 5. d3 Nc6 6. Nbd2 Be7 7. e4 O-O 8.
Re1 Qc7 9. Nf1 dxe4 10. dxe4 b5 11. Bf4 Qb6 12. a4 Rd8 13. Qc1 b4 14. Ne3
Ba6 15. Nd2 Rxd2 16. Qxd2 Rd8 17. Qc1 Nd4 18. a5 Qb5 19. b3 Qe2 20. Qd1 Qb5
21. Nc4 Nxb3 22. cxb3 Rxd1 23. Rexd1 h6 24. Rac1 Qe8 25. Nd6 Qc6 26. e5 Nd5
27. Nf5 exf5 28. Bxd5 Qc8 29. Be3 Bb5 30. Rd2 Bc6 31. Bxc6 Qxc6 32. Rcd1 a6
33. h4 g5 34. hxg5 hxg5 35. Rd5 Kf8 36. Rd7 Qe6 37. R1d5 Ke8 38. Rxe7+ Qxe7
39. Bxc5 Qe6 40. Rd3 f4 41. Bb6 Qxe5 42. gxf4 gxf4 43. Kf1 Qe4 44. Rd8+ Ke7
45. Rd4 Qb1+ 46. Kg2 Qxb3 47. Bc5+ Ke6 48. Bf8 Ke5 49. Rxb4 Qd5+ 50. Kh2
Qxa5 51. Rc4 Qd8 52. Bg7+ Kf5 53. Rc5+ Kg6 54. Be5 Qh4+ 55. Kg2 Qg4+ 56.
Kh2 f3 57. Bg3 f5 58. Rc6+ Kf7 59. Rc7+ Ke6 60. Rc6+ Kd5 61. Rd6+ Kc5 0-1

[Event "FIDE Grand Swiss 2021"]
[Site "Riga"]
[Date "04.11.2021"]
[Round "8"]
[White "Movsesian, Sergei"]
[Black "Saric, Ivan"]
[Result "0-1"]
[WhiteElo "2627"]
[BlackElo "2644"]

1. e4 c5 2. Nf3 Nc6 3. Bb5 g6 4. O-O Bg7 5. Bxc6 dxc6 6. d3 Nf6 7. h3 O-O
8. Bd2 e5 9. Bc3 Nh5 10. Nxe5 Bxh3 11. f4 Bc8 12. Nd2 f6 13. Ng4 b5 14. Nb3
c4 15. Nc5 Qd6 16. d4 Nxf4 17. Nf2 f5 18. b4 a5 19. bxa5 Bxd4 20. Bxd4 Qxd4
21. Qxd4 Ne2+ 22. Kh2 Nxd4 23. c3 Ne6 24. Nxe6 Bxe6 25. a4 bxa4 26. Rxa4
fxe4 27. Kg1 e3 28. Ne4 Rxf1+ 29. Kxf1 Bf5 30. Ng3 Bd3+ 31. Ke1 Rb8 32. Ra1
Rb2 0-1

[Event "FIDE Grand Swiss 2021"]
[Site "Riga"]
[Date "04.11.2021"]
[Round "8"]
[White "Gukesh, D"]
[Black "Yakubboev, Nodirbek"]
[Result "0-1"]
[WhiteElo "2640"]
[BlackElo "2621"]

1. d4 Nf6 2. c4 g6 3. Nc3 Bg7 4. e4 d6 5. Nf3 O-O 6. Be2 e5 7. O-O h6 8.
Re1 Nbd7 9. Bf1 Re8 10. Rb1 a5 11. d5 Nh7 12. g3 Nc5 13. Bg2 Ng5 14. Nxg5
hxg5 15. b3 g4 16. a3 a4 17. b4 Nb3 18. Be3 Bd7 19. Ne2 f5 20. Qd3 b6 21.
f4 gxf3 22. Bxf3 g5 23. Kh1 f4 24. gxf4 exf4 25. Bf2 g4 26. Rg1 gxf3 27.
Rxg7+ Kxg7 28. Rg1+ Kh6 29. Qxf3 Qe7 30. Qxf4+ Kh7 31. e5 Rf8 32. Qe4+ Bf5
33. Qf3 Kh8 34. Nf4 Qh7 35. Re1 Nd2 36. Qe3 Be4+ 37. Ng2 Nf3 0-1